[Event "Tourn. n8173"]
[Site "www.chess-mail.com"]
[Date "2015.07.20"]
[Round "1"]
[White "Oxycontin"]
[Black "Juantonio"]
[WhiteElo "2100"]
[BlackElo "1930"]
[Result "1-0"]
[Round "1"]
1.e4 c6
2.d4 d5
3.exd5 cxd5
4.c4 Ng8f6
5.Nb1c3 e6
6.Ng1f3 Nb8c6
7.cxd5 Nf6xd5
8.Nc3xd5 Qd8xd5
9.a3 Bf8e7
10.Bc1e3 O-O
11.Bf1d3 Qd5a5
12.Be3d2 Qa5b6
13.Bd2c3 Be7f6
14.O-O Qb6d8
15.Rf1e1 Nc6e7
16.Nf3e5 Ra8b8
17.Bd3c2 a5
18.Qd1d3 g6
19.Re1e3 Ne7f5
20.Re3e1 b6
21.Ne5c6 { resign }
1-0

[Event "Tourn. n8245"]
[Site "www.chess-mail.com"]
[Date "2015.07.20"]
[Round "1"]
[White "Llcervello"]
[Black "Bira47"]
[WhiteElo "1630"]
[BlackElo "1739"]
[Result "0-1"]
[Round "1"]
1.e4 c5
2.Nb1c3 e6
3.Qd1e2 a6
4.b3 Ng8f6
5.f3 Bf8e7
6.Bc1a3 b5
7.Ba3b2 b4
8.Nc3a4 Nb8c6
9.O-O-O Nc6d4
10.Bb2xd4 cxd4
11.e5 Nf6d5
12.Qe2e4 Ra8b8
13.Qe4xd4 { time. }
0-1

[Event "Tourn. n8211"]
[Site "www.chess-mail.com"]
[Date "2015.07.20"]
[Round "1"]
[White "Merimee"]
[Black "Neo"]
[WhiteElo "1530"]
[BlackElo "1680"]
[Result "0-1"]
[Round "1"]
1.d3 d5
2.e4 dxe4
3.Bc1f4 exd3
4.Bf1xd3 e6
5.Ng1f3 Bf8c5
6.O-O Ng8f6
7.Nf3e5 O-O
8.Nb1c3 b6
9.Nc3e4 Bc8b7
10.Qd1d2 Nf6xe4
11.Bd3xe4 Bb7xe4
12.Qd2c1 Be4b7
13.Rf1d1 Qd8e7
14.Rd1d3 Nb8c6
15.Ne5c4 Bb7a6
16.Nc4e5 Ba6xd3
17.Ne5xd3 a5
18.Qc1d2 Bc5b4
19.c3 Bb4d6
20.a3 Bd6xf4
21.Nd3xf4 Ra8d8
22.Qd2c2 Nc6e5
23.Ra1e1 Ne5c4
24.Nf4d3 Qe7f6
25.Re1e4 b5
26.Qc2e2 c6
27.f3 a4
28.h3 Nc4d6
29.Re4f4 Nd6f5
30.Kf2 Qf6g5
31.Rf4g4 Qg5f6
32.Qe2e4 Rd8d5
33.Qe4e2 Rf8d8
34.Nd3e5 Rd5xe5
35.Rg4e4 Re5xe4
36.Qe2xe4 Rd8d2
37.Ke1 Qf6d8
38.Qe4xc6 Rd2d1
{ resign }
0-1

[Event "Tourn. n8258"]
[Site "www.chess-mail.com"]
[Date "2015.07.20"]
[Round "1"]
[White "Andreachess"]
[Black "Pellix84"]
[WhiteElo "1980"]
[BlackElo "1930"]
[Result "1-0"]
[Round "1"]
1.c4 Ng8f6
2.d4 e6
3.Ng1f3 d5
4.Nb1c3 c6
5.e3 Nb8d7
6.Qd1c2 Bf8d6
7.Bf1d3 O-O
8.O-O h6
9.Bc1d2 Qd8c7
10.e4 dxe4
11.Nc3xe4 Nf6xe4
12.Bd3xe4 f5
13.Be4d3 b6
14.a3 a5
15.Rf1e1 Rf8f6
16.b4 axb4
17.axb4 Bc8b7
18.Ra1xa8 Bb7xa8
19.Bd2c3 Rf6g6
20.Bd3xf5 exf5
21.Re1e8 Kh7
22.Re8xa8 Qc7b7
23.Ra8d8 c5
24.Qc2xf5 Nd7b8
25.Rd8xd6 { resign }
1-0

[Event "Tourn. n8160"]
[Site "www.chess-mail.com"]
[Date "2015.07.20"]
[Round "1"]
[White "Woodpusher2"]
[Black "Seger"]
[WhiteElo "2620"]
[BlackElo "2670"]
[Result "1/2-1/2"]
[Round "1"]
1.e4 e5
2.Ng1f3 Nb8c6
3.Bf1b5 a6
4.Bb5a4 Ng8f6
5.O-O Bf8e7
6.Rf1e1 b5
7.Ba4b3 d6
8.c3 O-O
9.h3 Bc8b7
10.d4 Nf6d7
11.Nb1d2 exd4
12.cxd4 Be7f6
13.Nd2f1 Nc6a5
14.Bb3c2 Rf8e8
15.Bc1f4 Nd7f8
16.Bf4h2 c5
17.e5 dxe5
18.dxe5 Qd8xd1
19.Ra1xd1 Bf6e7
20.Nf1e3 Ra8d8
21.Rd1xd8 Re8xd8
22.Ne3f5 Rd8e8
23.Nf5d6 Be7xd6
24.exd6 Re8xe1
25.Nf3xe1 f6
26.f3 Na5c6
27.Kf2 Kf7
28.Bc2e4 Nc6d8
{ draw }
1/2-1/2

[Event "Tourn. n8152"]
[Site "www.chess-mail.com"]
[Date "2015.07.20"]
[Round "1"]
[White "Piwi123"]
[Black "Maredocla"]
[WhiteElo "2090"]
[BlackElo "2070"]
[Result "1-0"]
[Round "1"]
1.e4 c5
2.Nb1c3 Nb8c6
3.Ng1f3 g6
4.d4 cxd4
5.Nf3xd4 Bf8g7
6.Bc1e3 e6
7.Bf1c4 Ng8e7
8.O-O O-O
9.Qd1d2 Nc6e5
10.Bc4b3 b6
11.Be3h6 Qd8c7
12.Bh6xg7 Kxg7
13.f4 Ne5c6
14.Nc3b5 Qc7d8
15.f5 Nc6xd4
16.f6 Kg8
17.fxe7 Qd8xe7
18.Nb5xd4 Qe7c5
19.Kh1 Bc8a6
20.Rf1e1 Rf8c8
21.Ra1d1 Ba6c4
22.Bb3xc4 Qc5xc4
23.b3 Qc4c5
24.c4 a5
25.Nd4f3 Rc8d8
26.e5 Ra8a7
27.Qd2g5 Qc5f8
28.Nf3d4 a4
29.Nd4c6 Rd8a8
30.Nc6xa7 Ra8xa7
31.Rd1d6 axb3
32.axb3 Qf8a8
33.Re1d1 Qa8e4
34.h3 Qe4c2
35.Rd6xd7 Ra7xd7
{ time. }
1-0

[Event "Tourn. n8207"]
[Site "www.chess-mail.com"]
[Date "2015.07.20"]
[Round "1"]
[White "Culiflori"]
[Black "Bjonil60"]
[WhiteElo "999"]
[BlackElo "1280"]
[Result "1-0"]
[Round "1"]
1.e4 e5
2.Ng1f3 Nb8c6
3.Bf1c4 h6
4.d4 Qd8e7
5.Nb1c3 a6
6.Nc3d5 Qe7d8
7.dxe5 Nc6e7
8.O-O b5
9.Bc4b3 Ne7c6
10.Bc1f4 g5
11.Bf4g3 Bf8g7
12.Rf1e1 Nc6a5
13.Qd1e2 c6
14.Nd5e3 Ng8e7
15.Ra1d1 f6
16.exf6 Bg7xf6
17.Ne3f5 Ne7xf5
18.exf5 Kf8
19.Bg3d6 Kg7
20.Nf3e5 Bf6xe5
21.Bd6xe5 Kh7
22.Be5xh8 Qd8xh8
23.Qe2e7 Qh8g7
24.f6 Kg6
25.Qe7xg7 Kh5
26.Qg7f7 Kg4
27.h3 Kh4
28.Rd1d4 g4
29.Rd4xg4 
1-0

[Event "Tourn. n8193"]
[Site "www.chess-mail.com"]
[Date "2015.07.20"]
[Round "1"]
[White "Nimzo"]
[Black "Seger"]
[WhiteElo "2730"]
[BlackElo "2670"]
[Result "0-1"]
[Round "1"]
1.d4 d5
2.c4 e6
3.Ng1f3 Ng8f6
4.g3 Bf8b4
5.Bc1d2 Bb4e7
6.Bf1g2 O-O
7.O-O Nb8d7
8.Qd1c2 c6
9.Rf1d1 b6
10.b3 Bc8a6
11.a4 Qd8b8
12.Nb1c3 dxc4
13.bxc4 Ba6xc4
14.Bd2g5 Bc4a6
15.Nc3e4 Qb8e8
16.Ne4d6 Be7xd6
{ resign }
0-1

[Event "Tourn. n8170"]
[Site "www.chess-mail.com"]
[Date "2015.07.20"]
[Round "1"]
[White "Cathar"]
[Black "Yangqi"]
[WhiteElo "2240"]
[BlackElo "2120"]
[Result "1-0"]
[Round "1"]
1.e4 Ng8f6
2.e5 Nf6d5
3.d4 d6
4.Ng1f3 dxe5
5.Nf3xe5 c6
6.Bf1e2 Bc8f5
7.g4 Bf5e6
8.f4 f6
9.Ne5d3 Be6f7
10.b3 Nb8a6
11.c4 Nd5b6
12.Bc1e3 e6
13.O-O Qd8d7
14.a4 Na6b4
15.a5 Nb6c8
16.Nb1c3 Nb4xd3
17.Qd1xd3 Bf8d6
18.a6 b6
19.Be2f3 Nc8e7
20.Nc3e4 Bf7g6
21.Ne4xd6 Qd7xd6
22.Qd3e2 Ra8d8
23.Rf1e1 O-O
24.Ra1d1 Rf8e8
25.Be3c1 Bg6f7
26.h4 Ne7g6
27.Qe2h2 c5
28.h5 Ng6e7
29.Bc1b2 cxd4
30.Bb2xd4 Qd6a3
31.Qh2b2 Qa3xb2
32.Bd4xb2 Kh8
33.Bb2a3 Ne7c8
34.Bf3c6 Re8g8
35.Bc6d7 b5
36.Bd7xb5 Nc8b6
37.Kf2 Rd8c8
38.Ba3b2 Bf7e8
39.Bb5xe8 Rg8xe8
40.h6 Re8e7
41.hxg7 Kxg7
42.g5 Nb6d7
43.Rd1d6 Kf7
44.Re1h1 Nd7f8
45.Bb2xf6 Re7c7
46.Rh1d1 h5
47.Rd6d8 Rc7c6
48.Rd8xc8 Rc6xc8
49.Rd1d6 h4
50.Bf6e5 Ke7
51.Kf3 Nf8g6
52.Kg4 Rc8c5
53.Rd6d1 Ng6xe5
54.fxe5 Rc5xe5
55.Kxh4 Re5a5
56.Rd1f1 Ra5xa6
57.g6 e5
58.Kg5 Ra6a2
59.g7 Ra2g2
60.Kh6 Rg2h2
61.Kg6 Rh2g2
62.Kh7 Rg2h2
63.Kg8 e4
64.Rf1f4 Rh2e2
65.Rf4h4 { resign }
1-0

[Event "Match"]
[Site "www.echecsemail.com"]
[Date "2015.07.20"]
[Round "1"]
[White "Ostapbender"]
[Black "Joseph1983"]
[WhiteElo "2710"]
[BlackElo "2220"]
[Result "1-0"]
[Round "1"]
1.e4 e6
2.d4 d5
3.e5 c5
4.c3 Nb8c6
5.Ng1f3 Qd8b6
6.Nb1a3 cxd4
7.cxd4 Bf8xa3
8.bxa3 Ng8e7
9.Bf1d3 Bc8d7
10.Ra1b1 Qb6c7
11.O-O Ne7f5
12.Bc1d2 O-O
13.Qd1c2 Rf8c8
14.Qc2b2 Ra8b8
15.Rf1c1 Qc7d8
16.Rc1c3 { resign }
1-0

[Event "Match"]
[Site "www.echecsemail.com"]
[Date "2015.07.20"]
[Round "1"]
[White "Numanoid"]
[Black "Nimzo"]
[WhiteElo "2490"]
[BlackElo "2569"]
[Result "0-1"]
[Round "1"]
1.e4 c5
2.a3 g6
3.b4 Bf8g7
4.Nb1c3 d6
5.g3 Nb8c6
6.Ra1b1 cxb4
7.axb4 Ng8f6
8.Bf1g2 Bc8g4
9.f3 Bg4d7
10.Ng1e2 b5
11.d4 a5
12.Nc3xb5 axb4
13.d5 Nc6e5
14.Nb5d4 Ra8a4
15.O-O O-O
16.c3 Qd8a5
17.Rb1xb4 Ra4xb4
18.cxb4 Qa5xb4
19.Bc1d2 Qb4c4
20.Qd1b1 Rf8a8
21.Kh1 Ra8a2
22.Rf1c1 Qc4a6
23.Bd2c3 Nf6e8
24.Bg2f1 g5
25.Ne2g1 Qa6a3
26.Bf1e2 g4
27.f4 Ne5f3
28.Be2xf3 gxf3
29.Ng1xf3 Bd7h3
30.Rc1c2 Ra2xc2
31.Qb1xc2 Bg7xd4
32.Nf3xd4 Ne8f6
33.Qc2b2 Qa3a6
34.Qb2b8 Kg7
35.Qb8b1 Qa6c4
36.Bc3a1 Kf8
37.Qb1b8 Bh3c8
38.Kg2 Nf6xe4
39.Qb8b3 Qc4a6
40.Ba1b2 Ne4f6
41.Kf2 Bc8b7
42.Nd4f5 Nf6xd5
43.Kg1 Qa6a8
44.Bb2g7 Ke8
45.Bg7b2 Qa8a7
46.Bb2d4 Qa7a6
47.Bd4b2 Nd5c7
48.Nf5d4 Bb7d5
49.Qb3b8 Kd7
50.Qb8b4 Qa6a2
51.Qb4d2 { time. }
0-1

[Event "Match"]
[Site "www.echecsemail.com"]
[Date "2015.07.20"]
[Round "1"]
[White "Generalfree"]
[Black "Caspito"]
[WhiteElo "1800"]
[BlackElo "1800"]
[Result "0-1"]
[Round "1"]
1.d4 d5
2.Ng1f3 Nb8c6
3.h3 Ng8f6
4.Bc1f4 e6
5.e3 Nf6e4
6.a3 Bf8d6
7.Bf4xd6 Qd8xd6
8.Bf1d3 e5
9.c3 Bc8f5
10.g4 Bf5g6
11.b4 a6
12.h4 h5
13.g5 Bg6f5
14.a4 O-O-O
15.b5 Nc6b8
16.dxe5 Qd6e6
17.Qd1b3 Ne4c5
18.Nf3d4 Nc5xd3
19.Ke2 Qe6xe5
20.bxa6 Nd3c1
21.Rh1xc1 Nb8xa6
22.Nd4xf5 Qe5xf5
23.Nb1d2 Qf5g4
24.Nd2f3 Rh8e8
25.Ra1b1 Na6c5
26.Qb3b5 b6
27.Rc1g1 Qg4f5
28.Nf3d4 Qf5e4
29.Nd4c6 Rd8d6
30.a5 Kd7
31.Rb1b4 Qe4c2
32.Kf3 Rd6xc6
33.Rb4d4 Qc2f5
34.Rd4f4 Qf5h3
35.Rg1g3 Qh3h1
36.Ke2 Re8e7
37.Rf4d4 Kd6
38.c4 Re7e5
39.f4 Qh1h2
40.Kf3 Re5xe3
41.Kxe3 Qh2xg3
42.Ke2 Qg3g2
{ resign }
0-1

[Event "Match"]
[Site "www.echecsemail.com"]
[Date "2015.07.20"]
[Round "1"]
[White "Tbsundar"]
[Black "Glenno"]
[WhiteElo "2060"]
[BlackElo "2290"]
[Result "0-1"]
[Round "1"]
1.d4 Ng8f6
2.c4 e6
3.Ng1f3 b6
4.e3 Bc8b7
5.Bf1d3 d5
6.O-O Bf8d6
7.b3 O-O
8.Bc1b2 Nb8d7
9.Nb1d2 Nf6e4
10.Qd1c2 f5
11.Nf3e5 Ne4xd2
12.Qc2xd2 Bd6xe5
13.dxe5 Nd7c5
14.Bd3e2 dxc4
15.Qd2xd8 Rf8xd8
16.Be2xc4 Bb7a6
17.Bc4xa6 Nc5xa6
18.Rf1d1 Na6b4
19.Rd1d4 c5
20.Rd4d6 Rd8xd6
21.exd6 Nb4d3
22.Bb2a3 Ra8d8
23.Ra1d1 Rd8xd6
24.b4 c4
25.Ba3b2 Rd6d5
26.Bb2c3 Nd3xb4
27.Rd1xd5 Nb4xd5
28.Bc3b2 Nd5b4
29.a4 Nb4a2
30.Kf1 c3
31.Bb2a3 c2
32.Ke2 c1Q
33.Ba3xc1 Na2xc1
34.Kd2 Nc1b3
35.Kc3 Nb3c5
36.a5 bxa5
37.Kc4 a4
38.Kb4 Nc5d3
39.Kxa4 Nd3xf2
40.h3 Nf2xh3
41.gxh3 g5
42.Kb5 g4
43.hxg4 fxg4
{ resign }
0-1

[Event "Match"]
[Site "www.echecsemail.com"]
[Date "2015.07.20"]
[Round "1"]
[White "Pinehill"]
[Black "Whitekknight"]
[WhiteElo "1820"]
[BlackElo "1880"]
[Result "0-1"]
[Round "1"]
1.e4 e5
2.d4 exd4
3.c3 dxc3
4.Bf1c4 cxb2
5.Bc1xb2 Ng8f6
6.e5 Nf6e4
7.Qd1d5 Ne4g5
8.Nb1d2 Qd8e7
9.f4 c6
10.Qd5d4 Ng5e6
11.Bc4xe6 Qe7xe6
12.Ng1f3 d5
13.O-O Bf8e7
14.Ra1c1 O-O
15.h3 Nb8d7
16.Nd2b3 Rf8e8
17.g4 b6
18.f5 Qe6h6
19.e6 Be7f6
20.exd7 Bf6xd4
21.Nf3xd4 Bc8xd7
22.Kh2 g6
23.Rc1e1 Re8e4
24.fxg6 hxg6
25.Bb2c1 Qh6h4
26.Re1xe4 dxe4
27.Bc1f4 Bd7xg4
{ resign }
0-1

[Event "Match"]
[Site "www.echecsemail.com"]
[Date "2015.07.20"]
[Round "1"]
[White "Guidom"]
[Black "Joseph1983"]
[WhiteElo "2070"]
[BlackElo "2220"]
[Result "0-1"]
[Round "1"]
1.e4 e6
2.d4 d5
3.Nb1c3 Ng8f6
4.e5 Nf6d7
5.Bf1b5 c5
6.Bc1e3 cxd4
7.Be3xd4 Nb8c6
8.Bb5xc6 bxc6
9.Ng1f3 c5
10.Bd4e3 d4
11.Be3xd4 cxd4
12.Qd1xd4 Bf8c5
13.Qd4c4 Qd8b6
14.O-O Bc8a6
15.Qc4g4 Ba6xf1
16.Qg4xg7 O-O-O
17.Kxf1 Qb6xb2
{ resign }
0-1

[Event "Match"]
[Site "www.echecsemail.com"]
[Date "2015.07.20"]
[Round "1"]
[White "Ruko"]
[Black "Mrmoto"]
[WhiteElo "1680"]
[BlackElo "1600"]
[Result "1-0"]
[Round "1"]
1.e4 e6
2.d4 d5
3.Nb1c3 Bf8b4
4.e5 c5
5.a3 Bb4a5
6.Ng1f3 Qd8b6
7.Bf1b5 Nb8c6
8.Bb5xc6 bxc6
9.O-O Ng8h6
10.Bc1xh6 Qb6xb2
11.Nc3a4 Qb2b5
12.Bh6xg7 Rh8g8
13.Na4xc5 Rg8xg7
14.Ra1b1 Qb5c4
15.Nc5b3 Ba5d8
16.Qd1d2 Kd7
17.Qd2h6 Rg7g8
18.Qh6xh7 Rg8f8
19.Nb3c5 Kc7
20.Rb1b4 Qc4e2
21.Qh7g7 Bd8e7
22.Nf3g5 Be7xg5
23.Qg7xf8 a5
24.Qf8d6 { resign }
1-0

[Event "Match"]
[Site "www.echecsemail.com"]
[Date "2015.07.20"]
[Round "1"]
[White "Christos"]
[Black "Culiflori"]
[WhiteElo "1199"]
[BlackElo "999"]
[Result "0-1"]
[Round "1"]
1.e4 e5
2.Ng1f3 Nb8c6
3.Nb1c3 Ng8f6
4.d3 Bf8e7
5.Bc1g5 d6
6.d4 Bc8g4
7.Bf1b5 O-O
8.h3 Bg4xf3
9.Qd1xf3 Nc6xd4
10.Qf3d3 Nd4xb5
11.Qd3xb5 Nf6xe4
12.Nc3xe4 Be7xg5
13.O-O Ra8b8
14.Qb5b3 Bg5h6
15.Ra1d1 Kh8
16.Rd1d5 Qd8e7
17.Qb3a4 f5
18.Ne4g3 c6
19.Rd5a5 a6
20.Qa4b4 c5
21.Qb4c3 Qe7c7
22.Rf1d1 Bh6f4
23.Rd1d5 Bf4xg3
24.Qc3xg3 Qc7xa5
25.Rd5xd6 Qa5e1
 { time }
0-1

[Event "Match"]
[Site "www.echecsemail.com"]
[Date "2015.07.20"]
[Round "1"]
[White "F14"]
[Black "Ditto"]
[WhiteElo "1599"]
[BlackElo "1620"]
[Result "0-1"]
[Round "1"]
1.e4 e5
2.Ng1f3 Nb8c6
3.Bf1b5 Bf8c5
4.O-O Ng8e7
5.c3 O-O
6.d4 exd4
7.cxd4 Bc5b6
8.Bc1e3 d5
9.Nb1c3 Bc8g4
10.h3 Bg4d7
11.exd5 Nc6b4
12.Bb5e2 Nb4xd5
13.Nc3xd5 Ne7xd5
14.Nf3e5 Bd7e6
15.Be2g4 f5
16.Bg4e2 c6
17.a3 Bb6c7
18.Ra1c1 Qd8f6
19.Qd1d2 Bc7xe5
20.dxe5 Qf6xe5
21.Be3d4 Qe5c7
22.Be2c4 Ra8e8
23.Qd2g5 b5
24.Bc4xb5 Nd5f6
25.Bb5d3 Qc7d6
26.Bd4xf6 Rf8xf6
27.Rc1d1 Qd6c5
28.b4 Qc5e5
29.Rf1e1 Qe5c7
30.Qg5h4 Qc7f7
31.Qh4g3 Rf6g6
32.Qg3d6 Be6d5
33.Re1xe8 Qf7xe8
34.Qd6c5 Rg6xg2
35.Kf1 Rg2h2
36.Qc5e3 Rh2h1
37.Ke2 Qe8h5
38.f3 Rh1xd1
39.Kxd1 Qh5xf3
40.Qe3xf3 Bd5xf3
41.Kd2 g6
42.b5 Kf8
43.bxc6 Bf3xc6
44.Ke3 Ke7
45.h4 Kf6
46.Kf4 h6
47.Bd3c2 a5
48.Bc2d3 Bc6d5
49.Bd3e2 g5
50.hxg5 hxg5
51.Kg3 Ke5
52.Be2d3 f4
53.Kg4 Kf6
54.Bd3e2 Bd5e4
55.a4 Be4c2
56.Be2b5 Bc2f5
57.Kf3 Ke5
58.Bb5f1 g4
59.Kf2 Bf5e4
60.Bf1b5 g3
61.Kg1 f3
62.Kf1 Kd4
63.Bb5a6 Be4d3
64.Ba6xd3 Kxd3
65.Ke1 Ke3
66.Kf1 f2
{ resign }
0-1

[Event "Match"]
[Site "www.echecsemail.com"]
[Date "2015.07.20"]
[Round "1"]
[White "Wagner"]
[Black "Raulazo"]
[WhiteElo "1660"]
[BlackElo "1809"]
[Result "0-1"]
[Round "1"]
1.e4 e5
2.d4 exd4
3.Qd1xd4 Nb8c6
4.Qd4a4 Ng8f6
5.c3 Qd8e7
6.f3 d5
7.Nb1d2 Bc8d7
8.Qa4c2 d4
9.c4 g6
10.Bf1d3 Nc6b4
11.Qc2b3 a5
12.a3 Nb4a6
13.Qb3xb7 Qe7d8
14.e5 Na6c5
15.Qb7xa8 Qd8xa8
16.Bd3f1 Nf6h5
17.g4 Nh5f4
18.Nd2b1 Nc5b3
19.Bc1xf4 Nb3xa1
20.Nb1d2 a4
21.Bf1d3 Bf8g7
22.Ng1e2 Na1b3
23.Nd2xb3 Qa8xf3
{ resign }
0-1

[Event "Match"]
[Site "www.echecsemail.com"]
[Date "2015.07.20"]
[Round "1"]
[White "Karlgrocer"]
[Black "Expert"]
[WhiteElo "1940"]
[BlackElo "1680"]
[Result "1-0"]
[Round "1"]
1.Ng1f3 c5
2.e3 d5
3.Bf1e2 Ng8f6
4.O-O Nb8c6
5.c3 a6
6.d4 e6
7.a3 Bf8d6
8.b4 cxb4
9.cxb4 Nf6e4
10.Bc1b2 O-O
11.Be2d3 f5
12.Nb1d2 Bc8d7
13.Nd2b3 g5
14.Bd3xe4 fxe4
15.Nf3e5 Nc6xe5
16.Nb3a5 Ne5d3
17.Qd1d2 Ra8b8
18.Na5b3 Qd8f6
19.Ra1b1 Qf6h6
20.g3 g4
21.Nb3c1 Nd3xc1
22.Rb1xc1 Qh6h3
23.Rc1c3 Rf8f6
24.f4 h5
25.Rf1f2 h4
26.gxh4 Rf6h6
27.Rf2g2 Rh6xh4
28.Qd2e2 Kh7
29.Bb2c1 Qh3f3
30.Rc3c2 Qf3xe2
31.Rc2xe2 Bd7b5
32.Re2f2 Rb8c8
33.Rf2c2 Rc8xc2
34.Rg2xc2 Bb5c6
35.Kg2 Kg6
36.Kg3 Kh5
37.Bc1d2 Rh4h3
38.Kg2 Rh3f3
39.Rc2c3 Bd6e7
40.Rc3c2  { time }
1-0

[Event "Match"]
[Site "www.echecsemail.com"]
[Date "2015.07.20"]
[Round "1"]
[White "Pariolinius"]
[Black "Joseph1983"]
[WhiteElo "1790"]
[BlackElo "2220"]
[Result "0-1"]
[Round "1"]
1.d4 Ng8f6
2.Ng1f3 g6
3.Nb1c3 d5
4.Bc1g5 Bf8g7
5.e3 O-O
6.Bf1d3 Nb8c6
7.h3 Rf8e8
8.O-O a6
9.a3 e5
10.dxe5 Nc6xe5
11.Nf3xe5 Re8xe5
12.Bg5f4 Re5e8
13.Qd1d2 b5
14.Qd2e2 c5
15.Qe2f3 Bc8b7
16.Qf3e2 d4
17.Nc3a2 c4
18.Bd3xg6 hxg6
19.Ra1d1 Qd8b6
20.Qe2d2 Nf6e4
21.Qd2xd4 Bg7xd4
22.exd4 Ne4f6
23.Bf4e3 Qb6c6
24.f3 Re8xe3
25.Na2b4 Qc6d7
26.Kf2 Ra8e8
{ resign }
0-1

[Event "Match"]
[Site "www.echecsemail.com"]
[Date "2015.07.20"]
[Round "1"]
[White "Coraza"]
[Black "Reanna"]
[WhiteElo "1649"]
[BlackElo "1620"]
[Result "0-1"]
[Round "1"]
1.e4 e5
2.Ng1f3 Nb8c6
3.Bf1c4 d6
4.d3 Qd8f6
5.Nf3g5 Ng8h6
6.Ng5f3 Bc8g4
7.Bc1xh6 Qf6xh6
8.Nb1d2 Nc6d4
9.c3 Nd4xf3
10.gxf3 Bg4h5
11.Qd1a4 c6
12.Bc4d5 Kd7
13.b4 Bf8e7
14.O-O-O Bh5xf3
15.Rd1e1 Bf3xh1
16.Re1xh1 Be7g5
17.Rh1d1 f6
18.Kc2 Qh6xh2
19.Kb3 Qh2xf2
20.Kc2 h5
21.Bd5c4 h4
22.Qa4a3 h3
23.Qa3c1 h2
24.Rd1h1 Rh8h3
25.d4 Qf2e3
26.Qc1f1 Qe3xd2
27.Kb3 Qd2xc3
28.Ka4 Qc3a3
{ resign }
0-1

[Event "Match"]
[Site "www.echecsemail.com"]
[Date "2015.07.20"]
[Round "1"]
[White "Darknight"]
[Black "Supernovae"]
[WhiteElo "1750"]
[BlackElo "1960"]
[Result "0-1"]
[Round "1"]
1.e4 e5
2.Bf1c4 Nb8c6
3.c3 Ng8f6
4.d3 d5
5.exd5 Nf6xd5
6.Qd1f3 Bc8e6
7.a3 Bf8e7
8.Nb1d2 O-O
9.g3 Be7c5
10.Nd2e4 Bc5b6
11.Ng1e2 Be6h3
12.Bc1d2 Nc6a5
13.Bc4xd5 c6
 { time }
0-1

[Event "Match"]
[Site "www.echecsemail.com"]
[Date "2015.07.20"]
[Round "1"]
[White "Gambitmiau"]
[Black "Gaspard"]
[WhiteElo "1810"]
[BlackElo "1800"]
[Result "0-1"]
[Round "1"]
1.e4 e5
2.d4 exd4
3.c3 dxc3
4.Nb1xc3 Bf8b4
5.Bc1d2 Nb8c6
6.a3 Bb4a5
7.Bf1b5 Ng8e7
8.Ng1f3 d5
9.O-O dxe4
10.Nc3xe4 Ba5xd2
11.Nf3xd2 O-O
12.Qd1c2 a6
13.Bb5c4 Ne7g6
14.Nd2f3 Nc6e5
15.Bc4a2 Ne5xf3
16.gxf3 Bc8f5
17.Ra1d1 Qd8e7
18.Rf1e1 Ra8d8
19.Qc2c4 Bf5e6
20.Ne4c5 Rd8xd1
21.Qc4e2 Rd1xe1
22.Qe2xe1 Be6xa2
23.Qe1c3 Ba2d5
24.b4 Rf8e8
{ resign }
0-1

[Event "Match"]
[Site "www.echecsemail.com"]
[Date "2015.07.20"]
[Round "1"]
[White "Irene"]
[Black "Generalfree"]
[WhiteElo "1970"]
[BlackElo "1810"]
[Result "1-0"]
[Round "1"]
1.d4 Ng8f6
2.Ng1f3 d5
3.e3 a5
4.Bf1b5 c6
5.Bb5d3 b5
6.b3 Bc8a6
7.Nb1d2 Nb8d7
8.Nf3e5 Nd7xe5
9.dxe5 Nf6d7
10.Nd2f3 e6
11.Bc1b2 c5
12.O-O c4
13.Bd3e2 h6
14.g3 g5
15.Nf3d4 b4
16.c3 Rh8g8
17.f4 Ra8c8
18.Qd1d2 Bf8c5
19.Qd2c2 Nd7b6
20.Qc2h7 Kd7
21.Qh7xf7 Qd8e7
22.Qf7xe7 Kxe7
23.Rf1c1 g4
24.Kg2 h5
25.a3 Rc8a8
26.Nd4c6 Kd7
27.Nc6xa5 Bc5xe3
28.Rc1d1 cxb3
29.Be2xa6 Ra8xa6
30.axb4 h4
31.Rd1d3 h3
32.Kf1 Ra6xa5
33.bxa5 Nb6c4
34.a6 Nc4xb2
35.Rd3xe3 Nb2c4
36.Re3e2 Rg8a8
37.a7 b2
38.Ra1b1 Ra8xa7
39.Re2xb2 Nc4xb2
40.Rb1xb2 Ra7a1
41.Ke2 Ra1h1
42.Ke3 Kc6
43.Kd4 Rh1d1
44.Ke3 Kc5
45.Rb2b4 Rd1c1
46.Rb4b8 Rc1h1
47.Rb8c8 Kb6
48.Rc8g8 Rh1xh2
49.Rg8xg4 Rh2g2
50.Kf3 Rg2c2
51.Rg4h4 Rc2xc3
52.Kg4 d4
53.Rh4xh3 d3
54.Kf3 Kc5
55.Ke3 Kc4
56.Rh3h6 Kd5
57.g4 Kc4
58.Rh6xe6 { resign }
1-0

[Event "Match"]
[Site "www.echecsemail.com"]
[Date "2015.07.20"]
[Round "1"]
[White "Wwgia"]
[Black "Gatoss"]
[WhiteElo "2060"]
[BlackElo "1910"]
[Result "1-0"]
[Round "1"]
1.d4 Ng8f6
2.c4 e6
3.Ng1f3 Bf8b4
4.Nb1d2 d5
5.e3 Nb8d7
6.c5 c6
7.a3 Bb4xd2
8.Bc1xd2 b6
9.b4 bxc5
10.bxc5 Nf6e4
11.Bf1e2 O-O
12.O-O Ne4xd2
13.Qd1xd2 f5
14.Ra1b1 Nd7f6
15.Rb1b2 Nf6e4
16.Qd2b4 Bc8d7
17.Nf3e5 Ra8b8
18.Qb4xb8 Qd8xb8
19.Rb2xb8 Rf8xb8
20.Ne5xd7 Rb8b2
21.Be2f3 Ne4d2
22.Rf1d1 Nd2xf3
23.gxf3 Rb2b7
24.Nd7e5 Rb7c7
25.Rd1b1 g5
26.Rb1b8 Kg7
27.Rb8d8 f4
28.Rd8d7 Rc7xd7
29.Ne5xd7 h5
30.Nd7e5 fxe3
31.fxe3 Kf6
32.Ne5xc6 Kf5
33.h3 g4
34.hxg4 hxg4
35.fxg4 Kxg4
36.Nc6e5 { resign }
1-0

[Event "Match"]
[Site "www.echecsemail.com"]
[Date "2015.07.20"]
[Round "1"]
[White "Reanna"]
[Black "Joseph1983"]
[WhiteElo "1590"]
[BlackElo "2220"]
[Result "0-1"]
[Round "1"]
1.c4 e5
2.Nb1c3 Ng8f6
3.d3 d5
4.Bc1g5 Bf8b4
5.Qd1b3 Nb8c6
6.cxd5 Qd8xd5
7.Bg5xf6 Qd5xb3
8.axb3 gxf6
9.e3 Bc8e6
 { time }
0-1

[Event "Match"]
[Site "www.echecsemail.com"]
[Date "2015.07.20"]
[Round "1"]
[White "Joseph1983"]
[Black "Calponas"]
[WhiteElo "2220"]
[BlackElo "2040"]
[Result "1-0"]
[Round "1"]
1.b3 e5
2.Bc1b2 d6
3.e3 c5
4.c4 Nb8c6
5.Nb1c3 Ng8f6
6.Bf1d3 g6
7.Ra1c1 Bf8g7
8.Bd3b1 O-O
9.Ng1e2 Bc8e6
10.O-O Rf8e8
11.d4 exd4
12.exd4 cxd4
13.Nc3b5 a6
14.Nb5xd4 Qd8d7
15.Nd4xe6 Qd7xe6
16.Ne2f4 Qe6d7
17.Nf4d5 Nf6xd5
18.Bb2xg7 Kxg7
19.Qd1xd5 Re8e5
20.Qd5d2 Ra8e8
21.Rf1e1 Re8e6
22.Re1xe5 Re6xe5
23.Rc1e1 Qd7e6
24.Re1d1 Re5e2
25.Qd2c3 Qe6e5
26.Qc3xe5 dxe5
27.Kf1 Nc6d4
28.Rd1xd4 Re2b2
29.Rd4d1 Kf6
30.g3 h5
31.Kg2 Kg5
32.h4 Kf6
33.Bb1e4 { resign }
1-0

[Event "Match"]
[Site "www.echecsemail.com"]
[Date "2015.07.20"]
[Round "1"]
[White "Pare123"]
[Black "Joseph1983"]
[WhiteElo "2030"]
[BlackElo "2220"]
[Result "1/2-1/2"]
[Round "1"]
1.c4 Ng8f6
2.Nb1c3 e5
3.e4 c6
4.Ng1f3 d6
5.h3 Bf8e7
6.d3 h6
7.Bf1e2 O-O
8.O-O Rf8e8
9.b4 a5
10.b5 Be7f8
11.a4 d5
12.cxd5 cxd5
13.exd5 Nf6xd5
14.Qd1b3 Nd5b4
15.Rf1d1 Bc8e6
16.Qb3b1 Nb8d7
17.d4 Qd8c7
18.Bc1b2 exd4
19.Nf3xd4 Nd7e5
20.Nd4c2 Be6f5
21.Rd1d2 Bf5xc2
22.Rd2xc2 Nb4xc2
23.Qb1xc2 Ra8c8
24.Ra1c1 Bf8b4
25.Qc2b3 Ne5g6
26.Be2g4 Rc8d8
27.Nc3d5 Qc7d6
28.Nd5e3 Ng6e7
29.g3 g6
30.Ne3c4 Qd6d5
31.Rc1d1 Qd5e4
32.Bg4f3 Rd8xd1
33.Bf3xd1 Qe4e1
34.Kg2 Bb4c5
35.Qb3c2 Ne7f5
36.Bb2c3 Qe1e6
37.Nc4xa5 b6
38.Na5c6 Qe6e4
39.Qc2xe4 Re8xe4
40.a5 bxa5
41.Bc3xa5 Re4e6
42.Bd1f3 Nf5d4
43.Nc6xd4 Bc5xd4
44.h4 Bd4b6
45.Ba5xb6 Re6xb6
46.Bf3c6 Kf8
47.Kf3 Ke7
48.Ke4 Kd6
49.Bc6e8 Ke7
50.Be8c6 Kd6
51.Kd4 Rb6xc6
52.bxc6 f6
53.c7 Kxc7
54.Kd5 Kd7
55.g4 Ke7
56.f4 Kd7
57.h5 gxh5
58.gxh5 Ke7
59.f5 Kd7
60.Kc5 Kc7
{ draw }
1/2-1/2

[Event "Match"]
[Site "www.echecsemail.com"]
[Date "2015.07.20"]
[Round "1"]
[White "Ditto"]
[Black "Joseph1983"]
[WhiteElo "1820"]
[BlackElo "2220"]
[Result "0-1"]
[Round "1"]
1.d4 Ng8f6
2.c4 e6
3.Ng1f3 d5
4.Bc1g5 Bf8e7
5.Nb1c3 c6
6.e3 Nb8d7
7.c5 b6
8.b4 a5
9.b5 bxc5
10.bxc6 Nd7b8
11.Bf1b5 Qd8c7
12.Nf3e5 cxd4
13.exd4 Be7b4
14.Qd1c2 Nf6e4
15.Bg5d2 Ne4xd2
16.Qc2xd2 Bc8a6
17.Ra1b1 Ba6xb5
18.Nc3xb5 { time. }
0-1

[Event "Match"]
[Site "www.echecsemail.com"]
[Date "2015.07.20"]
[Round "1"]
[White "Chessexpert"]
[Black "F14"]
[WhiteElo "1580"]
[BlackElo "1830"]
[Result "0-1"]
[Round "1"]
1.d4 Ng8f6
2.c4 g6
3.g3 d5
4.cxd5 Qd8xd5
5.Ng1f3 Bf8g7
6.Bf1g2 O-O
7.Nb1c3 Qd5a5
8.O-O c6
9.e4 Nb8d7
10.Rf1e1 e5
11.dxe5 Nd7xe5
12.Nf3xe5 Qa5xe5
13.Bc1f4 Qe5e7
14.e5 Nf6d5
15.Nc3xd5 cxd5
16.Qd1xd5 Bc8e6
17.Qd5xb7 Qe7xb7
 { time }
0-1

[Event "Match"]
[Site "www.echecsemail.com"]
[Date "2015.07.20"]
[Round "1"]
[White "F14"]
[Black "Fkarpov"]
[WhiteElo "1830"]
[BlackElo "2010"]
[Result "1-0"]
[Round "1"]
1.d4 Ng8f6
2.c4 e6
3.Nb1c3 Bf8b4
4.Qd1c2 c5
5.e3 cxd4
6.exd4 O-O
7.Ng1f3 d5
8.Bf1d3 dxc4
9.Bd3xc4 Nb8c6
10.O-O Nc6xd4
11.Nf3xd4 Qd8xd4
12.Bc4b3 Bb4xc3
13.Qc2xc3 Qd4xc3
14.bxc3 Nf6e4
15.Bc1b2 Ne4d2
16.Rf1d1 Nd2xb3
17.axb3 Rf8e8
18.h3 b6
19.Bb2a3 Bc8b7
20.Rd1d7 Bb7d5
21.c4 Bd5c6
22.Rd7d3 h6
23.Rd3d6 Ra8c8
24.Ra1d1 g6
25.g4 f6
26.c5 Kf7
27.cxb6 axb6
28.Rd1c1 Bc6d7
29.Rd6xd7 { resign }
1-0

[Event "Match"]
[Site "www.echecsemail.com"]
[Date "2015.07.20"]
[Round "1"]
[White "Joseph1983"]
[Black "Manolinex"]
[WhiteElo "2220"]
[BlackElo "2700"]
[Result "0-1"]
[Round "1"]
1.d4 d5
2.c4 e6
3.Nb1c3 Ng8f6
4.Bc1g5 Bf8e7
5.e3 h6
6.Bg5xf6 Be7xf6
7.Ng1f3 c6
8.c5 Nb8d7
9.b4 a5
10.a3 O-O
11.b5 Nd7xc5
12.bxc6 a4
13.cxb7 Bc8xb7
14.Bf1e2 Qd8a5
{ resign }
0-1